000 01203nab a22002297a 4500
999 _c5341
_d5341
003 OSt
005 20250223231406.0
008 190603e xxum|||| |||| 00| 0 spa d
040 _cPJ
100 _94994
_aFerreira Morais, Ignacio Enrique
245 1 0 _aFideicomiso inmobiliario :
_bun enfoque integral /
_cIgnacio Enrique Ferreira Morais.
260 _cCiudad Autónoma de Buenos Aires :
_aThomson Reuters La Ley,
_b2023.
300 _ap. 105-112
500 _aCita Online: TR LALEY AR/DOC/2644/2023.
505 _aSumario: I. Introducción.— II. Fideicomiso.— III. Fideicomiso inmobiliario.— IV. El negocio fiduciario y la ejecución del dominio fiduciario.— V. Estructura del fideicomiso inmobiliario.— VI. Ventajas y utilidad práctica.— VII. Reflexiones finales.— VIII. Bibliografía.
505 _t¿Te interesa el texto completo? Solicitalo al correo: koha@justierradelfuego.gov.ar
650 0 _91590
_aFIDEICOMISO
650 0 _96384
_aDOMINIO FIDUCIARIO
650 0 _96382
_aOBLIGACIONES DEL FIDUCIARIO
773 0 _02713
_93170
_dCiudad Autónoma de Buenos Aires : Thomson Reuters La Ley, 2015-
_tRevista Código Civil y Comercial. Nº 6 - Diciembre 2023
942 _2udc
_cANA